Detalles MARC
| 000 -LIDER |
| fixed length control field |
00930nam a22003017a 4500 |
| 001 - NÚMERO DE CONTROL |
| Identificador de número de control |
000747 |
| 003 - IDENTIFICACDOR DE NÚMERO DE CONTROL |
| control field |
DO-SdBNP |
| 005 - DATE AND TIME OF LATEST TRANSACTION |
| control field |
20180209121321.0 |
| 007 - CAMPOS FIJOS DE DESCRIPCIÓN FÍSICA |
| fixed length control field |
000747 |
| 008 - ELEMENTOS DE LONGITUD FIJA |
| fixed length control field |
161125b 2001 sp a ||||| |||| 00| 0 spa d |
| 020 ## - ISBN |
| International Standard Book Number |
8476299095 |
| 040 ## - FUENTE DE CATALOGACIÓN |
| Agencia que crea de manera original el registro |
BPMSU |
| Idioma de catalogación |
spa |
| Agencia que realiza la transcripción |
BPMSU |
| 100 1# - ASIENTO PRINCIPAL -- NOMBRE PERSONAL |
| Nombre personal |
Carranza, Maite, |
| Fechas asociadas con el nombre |
1958- |
| 245 10 - MENCIÓN DE TITULO |
| Título |
La princesa Júlia / |
| Mención de responsabilidad |
Maite Carranza ; ilustraciones de Pep Montserrat. |
| 250 ## - MENCIÓN DE EDICION |
| Mención de edición |
4ª ed. |
| 260 ## - PUBLICACIÓN, DISTRIBUCIÓN, ETC. (PIE DE IMPRENTA) |
| Lugar de publicación, distribución, etc |
Barcelona : |
| Nombre del editor, distribuidor, etc. |
Cruïlla, |
| Fecha de publicación, distribución, etc |
2001. |
| 300 ## - DESCRIPCIÓN FÍSICA |
| Extensión |
142 p. : |
| Otros detalles físicos |
il. ; |
| Dimensiones |
19 cm. |
| 490 1# - MENCIÓN DE SERIES |
| Mención de serie |
El vaixell de vapor. Sèrie taronja |
| Volume/sequential designation |
62 |
| 490 1# - MENCIÓN DE SERIES |
| Mención de serie |
El vaixell de vapor |
| Volume/sequential designation |
62 |
| 500 ## - NOTA GENERAL |
| Nota general |
A partir de 9 años. |
| 500 ## - NOTA GENERAL |
| Nota general |
Incluye datos del autor |
| 700 ## - ASIENTO SECUNDARIO -- NOMBRE PERSONAL |
| Nombre personal |
Montserrat, Pep |
| 830 #0 - ASIENTO SECUNDARIO DE SERIE--TÍTULO UNIFORME |
| Título uniforme |
El vaixell de vapor. Série taronja ; |
| Volume number/sequential designation |
62 |
| 830 #0 - ASIENTO SECUNDARIO DE SERIE--TÍTULO UNIFORME |
| Título uniforme |
El vaixell de vapor ; |
| Volume number/sequential designation |
62 |
| 942 ## - ADDED ENTRY ELEMENTS (KOHA) |
| Source of classification or shelving scheme |
Dewey Decimal Classification |
| Koha item type |
Libros |
| 945 ## - INFORMACIÓN DE PROCESAMIENTO LOCAL |
| Información de procesamiento local |
Inventariado, 2018/MFF |
| 956 ## - LOCAL ELECTRONIC LOCATION AND ACCESS (OCLC) |
| Método de acceso |
LOPEREZ |
| Materiales especificados |
10 |
| Enlace |
20161125 |
| Campo enlazado y núm. de secuencia |
BPMSU |
| Nombre de host |
00041 |